अंधा युगः समीक्षा 2 खण्ड (Record no. 41142)

MARC details
000 -LEADER
fixed length control field 00477nam a2200157Ia 4500
008 - FIXED-LENGTH DATA ELEMENTS--GENERAL INFORMATION
fixed length control field 230917s9999||||xx |||||||||||||| ||und||
020 ## - ISBN
Price RS7
040 ## - CATALOGING SOURCE
-- 174712
Original cataloging agency VIVEKANANDA LIBRARY
041 ## - Language
-- English
082 ## - DDC NUMBER
Classification number 891.4317109 BD469A:GL
100 ## - MAIN ENTRY--PERSONAL NAME
Personal name गौतम, लक्ष्मण
245 #0 - TITLE STATEMENT
Title अंधा युगः समीक्षा 2 खण्ड
260 ## - PUBLICATION, DISTRIBUTION, ETC. (IMPRINT)
Place of publication, distribution, etc दिल्ली
Name of publisher, distributor, etc अशोक प्रकाशन
Date of publication, distribution, etc 1968
300 ## - PHYSICAL DESCRIPTION
Pages 135 पृ. p.
942 ## - ADDED ENTRY ELEMENTS (KOHA)
Koha item type Hindi Books
Holdings
Withdrawn status Lost status Damaged status Not for loan Location (home branch) Sublocation or collection (holding branch) Date acquired Koha issues (times borrowed) Koha full call number Accession No. Koha date last seen Koha item type
        VIVEKANANDA LIBRARY VIVEKANANDA LIBRARY 22/12/2010   891.4317109 BD469A:GL 10719 17/09/2023 Hindi Books
© Designed and Maintained by Vivekananda Library, MDU Rohtak